000 00513nam a2200181Ia 4500
005 20250423101146.0
008 250422s9999 xx 000 0 und d
020 _a9781032249919
050 _aHD 38.5 .M94/
100 _aMyerson, Paul
245 4 _aThe Art and Science of Demand and Supply Chain Planning in Today's Complex Global Economy
260 _aNew york
260 _bRoutledge
260 _c2023
300 _axix, 409p.: ill.
650 _aSupply chain management. Supply Demand
942 _cBK
999 _c35470
_d35470